ポケモンGO CP - Statistics

General Stats
  • This quiz has been taken 26 times
  • The average score is 22 of 50
Answer Stats
最大CP 名前 % Correct
6672 ゲンシグラードン
91%
6672 ゲンシカイオーガ
91%
6458 メガレックウザ
82%
4565 ゼクロム
73%
4565 レシラム
73%
4724 ミュウツー
68%
4652 カイオーガ
64%
5010 ケッキング
59%
4975 メガラグラージ
59%
4652 グラードン
59%
4565 ディアルガ
59%
4512 パルキア
59%
6132 メガガブリアス
55%
6045 メガバンギラス
55%
5552 メガメタグロス
55%
5206 ブラックキュレム
55%
5206 ホワイトキュレム
55%
4902 メガゲンガー
55%
4704 メガバシャーモ
55%
5688 メガボーマンダ
50%
5007 ムゲンダイナ
50%
4585 メガジュカイン
50%
4455 メガカメックス
50%
4728 メガカイロス
45%
4655 メガプテラ
45%
4621 メガハッサム
45%
4479 ガブリアス
45%
5037 メガリザードンY
45%
5661 メガラティオス
41%
5428 メガラティアス
41%
5332 メガギャラドス
41%
5099 メガフーディン
41%
4705 メガボスゴドラ
41%
4913 レジギガス
36%
4799 メガデンリュウ
36%
4570 ルナアーラ
36%
4570 ソルガレオ
36%
5443 メガヘラクロス
32%
5112 メガエルレイド
32%
5101 メガサーナイト
32%
4913 メガディアンシー
27%
5629 ザシアン(けんのおう)
9%
4717 ザマゼンタ(たてのおう)
9%
4634 ネクロズマ(たそがれのたてがみ)
9%
4634 ネクロズマ(あかつきのつばさ)
9%
4683 パルキア(オリジンフォルム)
5%
4624 ディアルガ(オリジンフォルム)
5%
4490 メロエッタ(ボイスフォルム)
5%
4465 ウツロイド
5%
4530 フーパ(ときはなたれしすがた)
0%
No matching quizzes found
Score Distribution
Percent of People with Each Score
Percentile by Number Answered
Your Score History
You have not taken this quiz